000 00235 a2200097 4500
001 19793
100 _aBeer, F P
245 _aVector mechanics for Engineers ( 3floppies)
260 _aBoston
_bMcGraw-Hill
_c1997
090 _c14418
_d14418
942 _aNUST-CAE
_cM
_c4912
999 _c254866
_d254866